| 000 | 00346nam a22001457a 4500 | ||
|---|---|---|---|
| 020 | _qHB. | ||
| 040 | _cFIZZA ISHAQ | ||
| 082 |
_a620.1123 _bJAM |
||
| 100 |
_aGERE, M. JAMES. _986678 |
||
| 245 |
_aMECHANICS OF MATERIALS / _cJAMES M. GERE. |
||
| 250 | _a2nd ED. | ||
| 260 |
_aNEW DEHLI : _bCBS, _c1984. |
||
| 300 | _a762 P. ; | ||
| 942 |
_2ddc _cBK |
||
| 999 |
_c587403 _d587403 |
||